| 000 | 01752nam0a2200313 4500 | ||
|---|---|---|---|
| 001 | RU\NLR\bibl\1223516 | ||
| 005 | 20250615112150.0 | ||
| 010 |
_a978-5-88871-393-8 _9130 |
||
| 021 |
_aRU _b2008-19100 _91044 |
||
| 035 | _a(NLR Aleph) 001209842 | ||
| 090 |
_a71178 _c71178 |
||
| 100 | _a20080507d2007 |||y0rusy50 ca | ||
| 101 | 0 | _arus | |
| 102 | _aRU | ||
| 105 | _aa ||||||||| | ||
| 200 | 1 |
_aКомпьютерное моделирование и анализ собственных колебаний пьезопреобразователей методом конечных элементов _fС.М. Балабаев, Н.Ф. Ивина _gФедер. агентство по рыболовству М-ва сел. хоз-ва Рос. Федерации, Дальневост. гос. техн. рыбохоз. ун-т |
|
| 210 |
_aВладивосток _cДальрыбвтуз _d2007 |
||
| 215 |
_a241 с. _cил. _d21 |
||
| 320 | _aБиблиогр.: с. 220-239 (314 назв.) | ||
| 606 | 1 |
_aПьезоэлектрические преобразователи _xКомпьютерное моделирование _xКонечных элементов метод _92527358 _3RU\NLR\auth\661497229 |
|
| 606 | 1 |
_aПьезоэлектрические преобразователи _xЧастотные характеристики _xИсследование _xКонечных элементов метод _92527364 _3RU\NLR\auth\661497234 |
|
| 686 | _aЗ843.413-1с116 | ||
| 700 | 1 |
_aБалабаев _bС. М. _gСергей Михайлович _4070 |
|
| 701 | 1 |
_aИвина _bН. Ф. _gНаталья Федоровна _4070 |
|
| 801 | 0 |
_aRU _bNLR _c20080507 _gRCR |
|
| 801 | 1 |
_aRU _bNLR _c20080507 |
|
| 942 | _cBOOK | ||
| 980 | _aNB | ||